000 01203nam a22003017a 4500
005 2010091802302.0
008 100915t xxu||||| |||| 00| 0 hin d
010 _aHIN-91975
020 _c250.00
_a9788173231964
035 _aHN-64321
037 _bDBAD / PUB
040 _aDPL
_bHN
082 _a
100 _920178
_aत्रिवेदी, क्रान्ति
110 _926418
245 _aमुस्कराती लड़कीः
_cक्रान्ति त्रिवेदी
_bउपन्यास /
246 _aMuskarati Ladki
_bby Kranti Trivedi
260 _aलखनऊ
_bसुलभ प्रकाशन
_c2010
270 _a17, अशोक मार्ग
_bलखनऊ
_k0522- 22880381
300 _a222पृ.
_c22सेमी (सजिल्द)
650 _91159
_aहिन्दी कथा साहित्य
650 _926117
_aHindi Novel
700 _920179
700 _920333
700 _920540
942 _2ddc
_cHN
_mत्रिवेदी
_h
999 _c50917
_d50917